[Event "Cesenatico op 9th"]
[Site "Cesenatico"]
[Date "2004.09.06"]
[Round "3"]
[White "Battaglia, Edoardo"]
[Black "Gromovs, Sergejs"]
[Result "1-0"]
[WhiteElo "1877"]
[BlackElo "2341"]
[PlyCount "47"]
[EventDate "2004.09.04"]
[EventType "swiss"]
[EventRounds "9"]
[EventCountry "ITA"]
[SourceTitle "EXT 2007"]
[Source "ChessBase"]
[SourceDate "2006.11.23"]
[SourceVersion "1"]
[SourceVersionDate "2006.11.23"]
[SourceQuality "1"]

1. e4 c5 2. Nc3 Nc6 3. g3 g6 4. Bg2 Bg7 5. d3 e6 6. Be3 Nd4 7. Qd2 Ne7 8. Nce2 d6 9. c3 Ndc6 10. Bh6 Bxh6 11. Qxh6 Ne5 12. Qd2 Qb6 13. b3 a5 14. d4 Nd7 15. Nf3 a4 16. b4 cxb4 17. cxb4 a3 18. Rb1 Nf6 19. Nc3 Bd7 20. 0-0 0-0 21. e5 Nfd5 22. Ne4 dxe5 23. dxe5 Bb5 24. Rfe1 1-0

[Event "ITA-ch U20"]
[Site "Porto San Giorgio"]
[Date "2004.08.24"]
[Round "5"]
[White "Xia, Jie"]
[Black "Battaglia, Edoardo"]
[Result "0-1"]
[WhiteElo "2126"]
[BlackElo "1877"]
[PlyCount "81"]
[EventDate "2004.08.20"]
[EventType "swiss"]
[EventRounds "9"]
[EventCountry "ITA"]
[SourceTitle "EXT 2005"]
[Source "ChessBase"]
[SourceDate "2004.11.15"]
[SourceVersion "1"]
[SourceVersionDate "2004.11.15"]
[SourceQuality "1"]

1. e4 c6 2. d4 d5 3. Nc3 dxe4 4. Bc4 Bf5 5. f3 exf3 6. Nxf3 e6 7. 0-0 Nf6 8. Ne5 Bxc2 9. Qxc2 Qxd4+ 10. Kh1 Qxe5 11. Qb3 Qc7 12. Bf4 Qb6 13. Qc2 Be7 14. Ne4 0-0 15. Nxf6+ Bxf6 16. Qe4 Qd4 17. Qe2 b5 18. Bd3 Qxb2 19. Qg4 Nd7 20. Rab1 Qa3 21. Rb3 Qc5 22. Rc1 Qd5 23. Rd1 Qc5 24. Be4 Bd4 25. Bxh7+ Kxh7 26. Qh4+ Kg8 27. Rh3 f6 28. Qh7+ Kf7 29. Rg3 Rg8 30. Bh6 f5 31. Qg6+ Ke7 32. Bg5+ Bf6 33. Rxd7+ Kxd7 34. Qf7+ Qe7 35. Rd3+ Kc7 36. Bf4+ Kb6 37. Qh5 Rad8 38. Rb3 Qd7 39. Be3+ c5 40. Rb1 Qd3 41. Bxc5+ 0-1

[Event "ITA-ch U20"]
[Site "Porto San Giorgio"]
[Date "2004.08.22"]
[Round "3"]
[White "Battaglia, Edoardo"]
[Black "Lain, Luigi"]
[Result "0-1"]
[WhiteElo "1877"]
[BlackElo "2243"]
[PlyCount "34"]
[EventDate "2004.08.20"]
[EventType "swiss"]
[EventRounds "9"]
[EventCountry "ITA"]
[SourceTitle "EXT 2005"]
[Source "ChessBase"]
[SourceDate "2004.11.15"]
[SourceVersion "1"]
[SourceVersionDate "2004.11.15"]
[SourceQuality "1"]

1. e4 e5 2. d4 exd4 3. Qxd4 Nc6 4. Qe3 Nf6 5. Nc3 Bb4 6. Bd2 d6 7. 0-0-0 0-0 8. Qg3 Re8 9. h4 Nxe4 10. Nxe4 Rxe4 11. Bg5 Qe8 12. c3 Bc5 13. f3 Be3+ 14. Kc2 Bf5 15. Bd3 Nb4+ 16. cxb4 Qa4+ 17. Kc3 Qxb4+ 0-1

[Event "ITA-ch U20"]
[Site "Porto San Giorgio"]
[Date "2004.08.21"]
[Round "2"]
[White "Cappai, Davide"]
[Black "Battaglia, Edoardo"]
[Result "1/2-1/2"]
[WhiteElo "2132"]
[BlackElo "1877"]
[PlyCount "38"]
[EventDate "2004.08.20"]
[EventType "swiss"]
[EventRounds "9"]
[EventCountry "ITA"]
[SourceTitle "EXT 2005"]
[Source "ChessBase"]
[SourceDate "2004.11.15"]
[SourceVersion "1"]
[SourceVersionDate "2004.11.15"]
[SourceQuality "1"]

1. e4 c6 2. d4 d5 3. Nc3 dxe4 4. Nxe4 Nf6 5. Ng5 h6 6. N5f3 Bf5 7. Bd3 Bxd3 8. Qxd3 e6 9. Ne5 Nbd7 10. Ngf3 Bd6 11. Qb3 Qc7 12. Nc4 Be7 13. 0-0 0-0 14. Nfe5 b5 15. Nxd7 Qxd7 16. Ne5 Qc7 17. Qg3 Kh7 18. Qd3+ Kg8 19. Bf4 Qb6 1/2-1/2

[Event "ITA-ch U20"]
[Site "Porto San Giorgio"]
[Date "2004.08.20"]
[Round "1"]
[White "Battaglia, Edoardo"]
[Black "Rombaldoni, Brian"]
[Result "1-0"]
[WhiteElo "1877"]
[BlackElo "1452"]
[PlyCount "99"]
[EventDate "2004.08.20"]
[EventType "swiss"]
[EventRounds "9"]
[EventCountry "ITA"]
[SourceTitle "EXT 2005"]
[Source "ChessBase"]
[SourceDate "2004.11.15"]
[SourceVersion "1"]
[SourceVersionDate "2004.11.15"]
[SourceQuality "1"]

1. e4 c6 2. d4 d5 3. exd5 cxd5 4. c4 e6 5. Nc3 Nf6 6. Nf3 Qc7 7. c5 b6 8. Nb5 Qc6 9. Ne5 Qb7 10. Qa4 Bd7 11. Nxd7 Nbxd7 12. Bf4 Rc8 13. Qxa7 Qxa7 14. Nxa7 Ra8 15. cxb6 Bb4+ 16. Bd2 Bxd2+ 17. Kxd2 Nxb6 18. Nb5 0-0 19. f3 Rab8 20. b3 Nbd7 21. Be2 Rb6 22. Rac1 Ra8 23. a4 Rab8 24. Rc7 R6b7 25. Rhc1 Rxc7 26. Rxc7 Kf8 27. a5 Ra8 28. Ra7 Rxa7 29. Nxa7 Ke7 30. b4 Kd6 31. Nb5+ Kc6 32. Na3 Kb7 33. Kc3 Nb8 34. b5 Ne8 35. Kb4 Nd7 36. Nc2 Nd6 37. Bd3 h6 38. Na1 e5 39. Nb3 e4 40. fxe4 dxe4 41. Bc4 e3 42. Bd5+ Kb8 43. Nc1 Nf5 44. Ne2 f6 45. Be6 Nxd4 46. Nxd4 Ne5 47. Bc4 g5 48. Nc2 Nxc4 49. Kxc4 e2 50. Kd3 1-0

[Event "ITA-ch sf"]
[Site "San Martino di Castrozza"]
[Date "2003.06.28"]
[Round "8"]
[White "Battaglia, Edoardo"]
[Black "Guclu, Yaman"]
[Result "1/2-1/2"]
[WhiteElo "1600"]
[BlackElo "1771"]
[PlyCount "79"]
[EventDate "2003.06.21"]
[EventType "swiss"]
[EventRounds "9"]
[EventCountry "ITA"]
[SourceTitle "EXT 2005"]
[Source "ChessBase"]
[SourceDate "2004.11.15"]
[SourceVersion "1"]
[SourceVersionDate "2004.11.15"]
[SourceQuality "1"]

1. e4 c5 2. Nc3 Nc6 3. g3 g6 4. Bg2 Bg7 5. d3 d6 6. Be3 e6 7. Qd2 Qa5 8. f4 Nge7 9. Nf3 0-0 10. 0-0 Nd4 11. Nxd4 cxd4 12. Nd1 Qa6 13. Bf2 Bd7 14. c3 Nc6 15. cxd4 Nxd4 16. Nc3 Rac8 17. Rfe1 Rc7 18. Rac1 Rfc8 19. e5 Nb5 20. d4 Nxc3 21. bxc3 dxe5 22. dxe5 Bc6 23. Bxc6 Qxc6 24. Bd4 Bf8 25. Qg2 Qa6 26. Qe2 Qa4 27. Qb2 b6 28. Qb3 Rc4 29. Red1 Qa5 30. Rb1 Ra4 31. Rb2 Ra3 32. Qc2 Bc5 33. Qf2 Rxc3 34. Bxc5 R3xc5 35. Qe2 Qa3 36. Rbd2 Rc1 37. Rxc1 Qxc1+ 38. Rd1 Rc2 39. Qd3 Qb2 40. Qd8+ 1/2-1/2

[Event "ITA-ch sf"]
[Site "San Martino di Castrozza"]
[Date "2003.06.23"]
[Round "3"]
[White "Battaglia, Edoardo"]
[Black "Cazzaniga, Walter"]
[Result "0-1"]
[WhiteElo "1600"]
[BlackElo "2094"]
[PlyCount "44"]
[EventDate "2003.06.21"]
[EventType "swiss"]
[EventRounds "9"]
[EventCountry "ITA"]
[SourceTitle "EXT 2005"]
[Source "ChessBase"]
[SourceDate "2004.11.15"]
[SourceVersion "1"]
[SourceVersionDate "2004.11.15"]
[SourceQuality "1"]

1. e4 e6 2. d4 d5 3. exd5 exd5 4. Nf3 Nc6 5. Bd3 Bg4 6. c3 Bd6 7. 0-0 Qd7 8. Re1+ Nge7 9. Bg5 f6 10. Bh4 g5 11. Bg3 Bxg3 12. hxg3 0-0-0 13. Nbd2 h5 14. Qa4 Kb8 15. b4 Nc8 16. b5 N6e7 17. Qb4 h4 18. gxh4 Bxf3 19. Nxf3 g4 20. Nd2 Rxh4 21. g3 Rh6 22. Qb2 Rdh8 0-1

[Event "ITA-ch sf"]
[Site "San Martino di Castrozza"]
[Date "2003.06.22"]
[Round "2"]
[White "Astengo, Marcello"]
[Black "Battaglia, Edoardo"]
[Result "1/2-1/2"]
[WhiteElo "2055"]
[BlackElo "1600"]
[PlyCount "52"]
[EventDate "2003.06.21"]
[EventType "swiss"]
[EventRounds "9"]
[EventCountry "ITA"]
[SourceTitle "EXT 2005"]
[Source "ChessBase"]
[SourceDate "2004.11.15"]
[SourceVersion "1"]
[SourceVersionDate "2004.11.15"]
[SourceQuality "1"]

1. d4 d5 2. Nf3 c6 3. Bf4 Qb6 4. Qc1 Bg4 5. Ne5 Bf5 6. e3 f6 7. Nd3 Nd7 8. c3 e5 9. Bg3 Bd6 10. Nd2 Qc7 11. Be2 Bxd3 12. Bxd3 e4 13. Be2 f5 14. c4 Bxg3 15. hxg3 Qd6 16. g4 fxg4 17. Bxg4 Ngf6 18. Bf5 0-0 19. c5 Qe7 20. Qc2 g6 21. Bh3 Qf7 22. 0-0-0 b6 23. Nb3 bxc5 24. dxc5 Ne5 25. Nd4 Rfe8 26. Kb1 Rab8 1/2-1/2